000 01315nam a2200313 i 4500
001 000027294
003 DO-SdBNP
005 20250827100505.0
007 ta
008 110331s1982 dr a c 000 0bspa d
020 _a8449958504
040 _aDO-SdBNP
_bspa
_cBNPHU
_erda
041 _asp
082 _a923.27293
_bD812ba
_222
100 1 _aBalcácer, Juan Daniel,
_d1949-
_eautor
_96566
245 1 0 _aJuan Pablo Duarte :
_bel Padre de la Patria /
_cJuan Daniel Balcácer.
250 _aEdición escolar
264 _aSanto Domingo :
_bSusaeta Ediciones Dominicana,
_c1982
300 _a90 páginas :
_bilustraciones ;
_c22 cm.
336 _ardacontent
_btexto
_2txt
337 _ardamedia
_bsin mediación
_2n
338 _ardacarrier
_bvolumen
_2nc
505 _aMensaje a los que no son niños 9|Mensaje a los amiguitos lectores 15|El nacimiento 19/En la escuela 23|¿Quienes eran los haitianos? 31|En los trabajos revolucionarios 39|La Trinitaria, La Filantrópica y La Dramática 47|Revolución de la reforma y la separación de Haití 57|Duarte y la República Dominicana 69|El regreso a la patria 79|
590 _aInventariado, 2025/DG
600 1 0 _aDuarte, Juan Pablo,
_d1813-1876
_91494
651 0 _aRepública Dominicana --
_xHistoria --
_y1844-1930
_91009
910 _aDG
942 _2ddc
_cLBS1
999 _c59828
_d59828